MLB Top MVP, Cy Young, and ROY 2004 - Statistics

General Stats
  • This quiz has been taken 28 times
  • The average score is 24 of 41
Answer Stats
# Player Team Pos. % Correct
6 Johan Santana MIN P
100%
1 Johan Santana MIN P
100%
10 Aramis Ramírez CHC 3B
96%
4 David Ortiz BOS DH
96%
3 Manny Ramirez BOS LF
96%
3 Albert Pujols STL 1B
92%
1 Barry Bonds SFG LF
92%
5 Miguel Tejada BAL SS
92%
4 Pedro Martinez BOS P
92%
2 Randy Johnson ARI P
92%
8 Roger Clemens HOU P
88%
1 Roger Clemens HOU P
88%
7 Ichiro Suzuki SEA RF
83%
4 Francisco Rodríguez ANA P
79%
10 Iván Rodríguez DET C
79%
1 Vladimir Guerrero ANA RF
79%
7 Lance Berkman HOU RF
75%
2 Curt Schilling BOS P
71%
4 Scott Rolen STL 3B
71%
2 Adrián Beltré LAD 3B
67%
5 Jim Edmonds STL CF
67%
9 Mariano Rivera NYY P
67%
3 Mariano Rivera NYY P
67%
3 Roy Oswalt HOU P
67%
8 Michael Young TEX SS
63%
2 Gary Sheffield NYY RF
50%
4 Zack Greinke KCR P
46%
5 Carlos Zambrano CHC P
42%
1 Jason Bay PIT LF
38%
4 Joe Nathan MIN P
38%
1 Bobby Crosby OAK SS
29%
5 Matt Holliday COL LF
29%
4 Jason Schmidt SFG P
13%
2 Khalil Greene SDP SS
13%
9 Mark Loretta SDP 2B
13%
5 Alex Ríos TOR RF
8%
3 Daniel Cabrera BAL P
8%
6 J.D. Drew ATL RF
8%
4 Aaron Miles COL 2B
4%
3 Akinori Otsuka SDP P
4%
2 Shingo Takatsu CHW P
4%
No matching quizzes found
Score Distribution
Percent of People with Each Score
Percentile by Number Answered
Your Score History
You have not taken this quiz